书目信息 |
| 题名: |
给排水·采暖·煤气安装工程预算一点通
|
|
| 作者: | 裴永棋 主编 | |
| 分册: | ||
| 出版信息: | 合肥 安徽科学技术出版社 2000.05 |
|
| 页数: | 206页 | |
| 开本: | 16开 | |
| 丛书名: | ||
| 单 册: | ||
| 中图分类: | TU723 | |
| 科图分类: | ||
| 主题词: | 建筑工程--施工组织 , 建筑工程--施工计划 | |
| 电子资源: | ||
| ISBN: | 7-5337-1971-9 | |
| 000 | 00642nam0 2200193 45 | |
| 001 | 0011162037 | |
| 005 | 20160429101404.96 | |
| 010 | @a7-5337-1971-9@d21.00元 | |
| 100 | @a20001116d2000 km y0chiy0120 ea | |
| 101 | 0 | @achi |
| 200 | 1 | @a给排水·采暖·煤气安装工程预算一点通@AGei Pai Shui·Cai Nuan·Mei Qi An Zhuang Gong Cheng Yu Suan Yi Dian Tong@f裴永棋等主编@FPei Yong Qi Deng Zhu Bian |
| 210 | @a合肥@c安徽科学技术出版社@d2000.05 | |
| 215 | @a206页@d16开 | |
| 606 | 0 | @a建筑工程@x施工组织 |
| 606 | 0 | @a建筑工程@x施工计划 |
| 690 | @aTU723@v3 | |
| 701 | 0 | @a裴永棋@4主编 |
| 801 | @aCN@bPftUser@c20001116 | |
| 905 | @b410674-678@dTU723@eP695@f5 | |
| 给排水·采暖·煤气安装工程预算一点通/裴永棋等主编.-合肥:安徽科学技术出版社,2000.05 |
| 206页;16开 |
| ISBN 7-5337-1971-9:21.00元 |
| ● |
| 相关链接 |
|
|
|
正题名:给排水·采暖·煤气安装工程预算一点通
索取号:TU723/P695
 
预约/预借
| 序号 | 登录号 | 条形码 | 馆藏地/架位号 | 状态 | 备注 |
| 1 | 410674 | 204106742 | 建筑库201/201建筑库 30排2列3层/ [索取号:TU723/P695] | 在馆 | |
| 2 | 410675 | 204106751 | 建筑库201/201建筑库 30排2列3层/ [索取号:TU723/P695] | 在馆 | |
| 3 | 410676 | 204106760 | 自科二线404/404自科库 10排5列1层/ [索取号:TU723/P695] | 在馆 | |
| 4 | 410677 | 204106779 | 建筑库201/201建筑库 30排2列3层/ [索取号:TU723/P695] | 在馆 | |
| 5 | 410678 | 204106788 | 建筑库201/201建筑库 30排2列3层/ [索取号:TU723/P695] | 在馆 | |
| 6 | 819096 | 208190964 | 管理学院资料室/ [索取号:TU723/P695] | 在馆 |